| 000 | 00559nam a2200229Ia 4500 | ||
|---|---|---|---|
| 005 | 20250425162021.0 | ||
| 008 | 250425s9999 xx 000 0 und d | ||
| 020 | _a8448107004 | ||
| 041 | _aspa | ||
| 043 | _asp | ||
| 082 | _a005.73 | ||
| 100 | _aJOYANES AGUILAR, LUIS | ||
| 245 | 0 | _aFUNDAMENTOS DE PROGRAMACION: LIBRO DE PROBLEMAS | |
| 250 | _a1A ED. | ||
| 260 |
_aEspaƱa _bMCGRAW HILL _c1996 |
||
| 260 | _aMADRID | ||
| 300 | _a392 | ||
| 650 | _aESTRUCTURA DE DATOS (INFORMATICA) | ||
| 650 | _aPROGRAMACION | ||
| 942 | _c01 | ||
| 010 | _a40757 | ||
| 999 |
_c220711 _d220711 |
||